| 000 | 00519nam a2200181Ia 4500 | ||
|---|---|---|---|
| 008 | 090124s9999 xx 000 0 und d | ||
| 082 | _b29049 | ||
| 100 | _aखांबेटे द. पां. | ||
| 245 | _a भयकथा | ||
| 250 | _a1 | ||
| 260 |
_bचंद्रकला प्रकाशन _c1990 |
||
| 300 | _a143 | ||
| 600 | _aखांबेटे द. पां. | ||
| 630 | _a भयकथा | ||
| 700 | _aखांबेटे द. पां. | ||
| 730 | _a भयकथा | ||
| 942 | _cBOOK | ||
| 999 |
_c94699 _d94699 |
||